000 00381nam a2200181Ia 4500
008 240510s9999 xx 000 0 und d
020 _a9788184771695
041 _aEng
082 _a823
082 _bC54
100 _aCOLLINS ,Suzanne
245 4 _aThe Hunger Games
260 _bIndia:Scholastic
260 _c2008
300 _a374 p.
942 _2ddc
942 _cLBK
999 _c28794
_d28794
945 _a1
_bMadushi Gamage
_c1
_dMadushi Gamage